Estadísticas para Ganadores Red Bull Batalla Uruguay

Haz click aquí para intentar la prueba.

Estadísticas generales

  • Esta prueba ha sido intentada 15 veces
  • La puntuación promedio es 5 de 6

Estadísticas de respuestas

AñoMC% Correcto
2022Spektro
100%
2023Spektro
100%
2019Franco
91%
2021Hammer
73%
2020Naicen
73%
2006R Loko
36%

Distribución de puntuación

Porcentaje por número respondido

Porcentaje de gente con cada puntuación

Historial de tus puntuaciones

No has intentado esta prueba.